A list of books relating to the history of the State of New York ... (Record no. 20019)
[ view plain ]
| 000 -LEADER | |
|---|---|
| fixed length control field | 00996cam a22002411 4500 |
| 001 - CONTROL NUMBER | |
| control field | e 16001026 |
| 003 - CONTROL NUMBER IDENTIFIER | |
| control field | DLC |
| 005 - DATE AND TIME OF LATEST TRANSACTION | |
| control field | 20260227111206.0 |
| 008 - FIXED-LENGTH DATA ELEMENTS--GENERAL INFORMATION | |
| fixed length control field | 740916r1916uuuunyu b 000 0 eng c |
| 010 ## - LIBRARY OF CONGRESS CONTROL NUMBER | |
| LC control number | e 16001026 |
| 035 ## - SYSTEM CONTROL NUMBER | |
| System control number | (OCoLC)1011459 |
| 040 ## - CATALOGING SOURCE | |
| Original cataloging agency | Library, U.S. Bur. of Education |
| Transcribing agency | NIC |
| Modifying agency | OCoLC |
| -- | DLC |
| 042 ## - AUTHENTICATION CODE | |
| Authentication code | premarc |
| 050 00 - LIBRARY OF CONGRESS CALL NUMBER | |
| Classification number | Z1317 |
| Item number | .N63 |
| 110 2# - MAIN ENTRY--CORPORATE NAME | |
| Corporate name or jurisdiction name as entry element | University of the State of New York. |
| Subordinate unit | Division of School Libraries. |
| 245 12 - TITLE STATEMENT | |
| Title | A list of books relating to the history of the State of New York ... |
| 260 ## - PUBLICATION, DISTRIBUTION, ETC. | |
| Place of publication, distribution, etc. | Albany, |
| Name of publisher, distributor, etc. | The University of the State of New York, |
| Date of publication, distribution, etc. | 1916. |
| 300 ## - PHYSICAL DESCRIPTION | |
| Extent | 1 p. l., [5]-40 p. |
| Dimensions | 23 cm. |
| 500 ## - GENERAL NOTE | |
| General note | At head of title: The University of the State of New York, the State Department of Education, School Libraries Division. |
| 500 ## - GENERAL NOTE | |
| General note | Reprinted from the twelfth annual report of the State Department of Education. |
| 500 ## - GENERAL NOTE | |
| General note | No. 1. in vol. lettered: New York state pamphlets. |
| 651 #0 - SUBJECT ADDED ENTRY--GEOGRAPHIC NAME | |
| Geographic name | New York (State) |
| General subdivision | History |
| Form subdivision | Bibliography. |
No items available.